书目信息 |
| 题名: |
密码学与通信安全基础
|
|
| 作者: | 祝跃飞 , 王磊 主编 | |
| 分册: | ||
| 出版信息: | 武汉 华中科技大学出版社 2008.11 |
|
| 页数: | 152页 | |
| 开本: | 26cm | |
| 丛书名: | ||
| 单 册: | ||
| 中图分类: | TN918 | |
| 科图分类: | ||
| 主题词: | 密码术--mi ma shu--研究生--教材 , 通信保密--tong xin bao mi--研究生--教材 | |
| 电子资源: | ||
| ISBN: | 978-7-5609-4568-2 | |
| 000 | 01118nam0 2200289 450 | |
| 001 | 012009234286 | |
| 005 | 20090811170206.67 | |
| 010 | @a978-7-5609-4568-2@dCNY19.80 | |
| 100 | @a20090811d2008 em y0chiy0120 ea | |
| 101 | 0 | @achi |
| 102 | @aCN@b420000 | |
| 105 | @aak a 000yy | |
| 106 | @ar | |
| 200 | 1 | @a密码学与通信安全基础@Ami ma xue yu tong xin an quan ji chu@d= Foudation of cryptology and secure communications@f祝跃飞, 王磊主编@Fzhu yue fei,wang lei zhu bian@zeng |
| 210 | @a武汉@c华中科技大学出版社@d2008.11 | |
| 215 | @a152页@c图@d26cm | |
| 300 | @a信息与通信工程研究生规划教材 | |
| 320 | @a有书目 | |
| 330 | @a本书主要讲述应用密码学基础、应用密码学、密码算法、现代密码学的一些其他问题。可供各类以密码学应用为主而非研究为目的的学习的读者作为参考书籍。 | |
| 510 | 1 | @aFoudation of cryptology and secure communications@zeng |
| 606 | 0 | @a密码术@Ami ma shu@x研究生@j教材 |
| 606 | 0 | @a通信保密@Atong xin bao mi@x研究生@j教材 |
| 690 | @aTN918@v4 | |
| 701 | 0 | @a祝跃飞@Azhu yue fei@4主编 |
| 701 | 0 | @a王磊@Awang lei@4主编 |
| 801 | 0 | @aCN@bQSSK@c20090811 |
| 905 | @b750948-50@dTN918@eZ916@f3 | |
| 密码学与通信安全基础= Foudation of cryptology and secure communications/祝跃飞, 王磊主编.-武汉:华中科技大学出版社,2008.11 |
| 152页:图;26cm |
| 信息与通信工程研究生规划教材 |
| ISBN 978-7-5609-4568-2:CNY19.80 |
| 本书主要讲述应用密码学基础、应用密码学、密码算法、现代密码学的一些其他问题。可供各类以密码学应用为主而非研究为目的的学习的读者作为参考书籍。 |
| ● |
| 相关链接 |
|
|
|
正题名:密码学与通信安全基础
索取号:TN918/Z916
 
预约/预借
| 序号 | 登录号 | 条形码 | 馆藏地/架位号 | 状态 | 备注 |
| 1 | 750948 | 207509481 | 自科库301/301自科库 29排4列3层/ [索取号:TN918/Z916] | 在馆 | |
| 2 | 750949 | 207509490 | 自科库301/301自科库 29排4列3层/ [索取号:TN918/Z916] | 在馆 | |
| 3 | 750950 | 207509506 | 自科库301/301自科库 29排4列3层/ [索取号:TN918/Z916] | 在馆 |